| 000 | 01198nam a2200253Ia 4500 | ||
|---|---|---|---|
| 999 |
_c52638 _d52638 |
||
| 001 | 19662 | ||
| 003 | GE_BSU | ||
| 005 | 20200315204721.0 | ||
| 008 | 181216s2016||||ge |||||||||||||| ||geo|| | ||
| 040 | _cGE_BSU | ||
| 041 | _ageo | ||
| 080 | _a821.353.1-1 ლ-83 | ||
| 100 |
_aლონდარიძე, შ. (შალვა) _96702 |
||
| 245 |
_aვერტიკალური ჰორიზონტი : _bლექსები / _c შ. ლონდარიძე ; რედ. ნატო კუხიანიძე, ნათელა აბაზაძე ; მხატვ. დავით ბაძაღუა. |
||
| 250 | _a9789941950933 | ||
| 264 |
_aთბილისი : _bკალმასონი, _c2016. |
||
| 300 |
_a122 გვ. : _b ილ. ; _c20 სმ. |
||
| 653 | _aვერტიკალური ჰორიზონტი | ||
| 653 | _aლექსები | ||
| 700 |
_aკუხიანიძე, ნატო _eრედაქტორი _97744 |
||
| 700 |
_a აბაზაძე, ნათელა _eრედაქტორი _97745 |
||
| 700 |
_aბაძაღუა, დავით _eმხატვარი _97746 |
||
| 942 |
_cBK _2udc |
||